[Selection of menus and invitations or Surveyors' Institution and Chartered Surveyors' Institution annual dinners} (Record no. 121115)
[ view plain ]
| 000 -LEADER | |
|---|---|
| fixed length control field | 00765nam a22001577a 4500 |
| 001 - CONTROL NUMBER | |
| control field | K121115 |
| 008 - FIXED-LENGTH DATA ELEMENTS--GENERAL INFORMATION | |
| fixed length control field | 190716b1898 ||||| |||| 00| 0 eng d |
| 110 ## - MAIN ENTRY--CORPORATE NAME | |
| 9 (RLIN) | 3783 |
| Corporate author | Surveyors' Institution |
| 245 ## - TITLE STATEMENT | |
| Title | [Selection of menus and invitations or Surveyors' Institution and Chartered Surveyors' Institution annual dinners} |
| 260 ## - PUBLICATION INFORMATION | |
| Date | 1898-1932 |
| 520 ## - ABSTRACT | |
| Abstract | Includes menu and toast list for dinner held 9 February 1898; menu and list of toasts for 10 May 1899; list of toasts for 7 May 1902; menu for 20 February 1903; menu and toasts list for 12 February 1904; menu and toast list for 21 February 1906 and menu and toast list for 8 March 1932. |
| 650 ## - KEYWORDS | |
| Keywords | menu |
| 650 ## - KEYWORDS | |
| Keywords | toasts |
| 650 ## - KEYWORDS | |
| Keywords | annual dinner |
| 710 ## - ADDED CORPORATE NAME | |
| 9 (RLIN) | 2274 |
| Added corporate author | Chartered Surveyors' Institution |
| Withdrawn status | Lost status | Source of classification or shelving scheme | Damaged status | Koha normalized classification for sorting | Not for loan | Home library | Current library | Shelving location | Date acquired | Total Checkouts | Full call number | Date last seen | Price effective from | Koha item type |
|---|---|---|---|---|---|---|---|---|---|---|---|---|---|---|
| Dewey Decimal Classification | BASEMENT_BOX_3_000000000000000 | Archives | Archives | Historic collection | 30/09/2019 | BASEMENT BOX 3 | 30/09/2019 | 30/09/2019 | Book |